Statistics for Hard Word Scramble-Countries

Click here to take the quiz!

General Stats

  • This quiz has been taken 82 times
    (41 since last reset)
  • The average score is 31 of 34

Answer Stats

ScrambledUnscrambled% Correct
AcbuCuba
100%
JfiiFiji
100%
TailyItaly
100%
KhzaaktsanKazakhstan
100%
UssriaRussia
100%
Avitnca tcyiVatican City
100%
NbeinBenin
97%
DaaacnCanada
97%
NarfecFrance
97%
RgceeeGreece
97%
EilhcnteintseLiechtenstein
97%
LyamaaisMalaysia
97%
NrauuNauru
97%
PainsSpain
97%
ZubeiktsnaUzbekistan
97%
AldnnfiFinland
93%
DoinneisaIndonesia
93%
OcixemMexico
93%
GaloprtuPortugal
93%
TlhiadnaThailand
93%
UecoadrEcuador
90%
LamatMalta
90%
RnahaibBahrain
87%
HicelChile
87%
YkrtsnaygzKyrgyzstan
87%
NmoailogMongolia
87%
KilosiavSlovakia
87%
NeiburBrunei
80%
YmanramMyanmar
77%
ManivetVietnam
77%
DanrgeaGrenada
73%
BaitkiirKiribati
70%
SuartiaAustria
67%
OpreisgnaSingapore
63%

Score Distribution

Percentile by Number Answered

Percent of People with Each Score

Your Score History

You have not taken this quiz since the last reset